000 00312nam a22001457a 4500
008 221212b ||||| |||| 00| 0 eng d
020 _a9780716703688
041 _aeng
080 _a159.9
082 _a159.9 MAS
100 _a25
101 _aPSI
245 _aPSYCHOPATHOLOGY
_cMASER.D.J
942 _2udc
_cBK
999 _c59159
_d59159